00739 2200253 4500001002100000005001500021035002000036007000300056008004100059040002200100082001400122084001600136090001900152100002500171245006900196300002400265650002100289850001200310264006900322336002100391337003000412338002300442990002000465INLIS00000000086367220210812114121 a0010-0821000371ta210812s2020 jbi g 1 ind d aYOPDYOGbinderda04223a398.2 a398.2 AJI n aBR 398.2 AJI n0 aAjip Rosidiepenulis10aNyi Bungsu Rarang :bdongeng Sunda buhun /cpenulis, Ajip Rosidi a55 halaman ;c30 cm 4aDongeng--xSunda aYOPDYOG31aCimahi :bBalai Literasi Braille Indonesia (BLBI) Abiyoso,c2020 2rdacontentateks 2rdamediaatanpa perantara 2rdacarrieravolume a67567-PD/A.2021